| 000 | 00494nam a2200217Ia 4500 | ||
|---|---|---|---|
| 008 | 210210b2007 xxu||||| |||| 00| 0 eng d | ||
| 020 | _a8131800547 | ||
| 041 | _aeng | ||
| 082 | _a620.8 KHAT | ||
| 100 | _aKHAN (Rahana) | ||
| 245 | _aTextbook of biotechnology V2 | ||
| 260 |
_aBangalore _bLaxmi publications _c2007 |
||
| 300 | _a335 | ||
| 440 | _a2 | ||
| 650 | _aV2 | ||
| 650 | _aTextbook | ||
| 650 | _aof | ||
| 650 | _abiotechnology | ||
| 690 | _aBiotechnology | ||
| 906 | _a063643 | ||
| 999 |
_c138598 _d138598 |
||